000 00548pam a2200157 a 4500
020 _a0192141740 :
082 0 0 _a355.02
_bOXF
_cL- P-
245 0 4 _aThe Oxford book of military anecdotes /
_cedited by Max Hastings.
260 _aOxford [England] ;
_aNew York :
_bOxford University Press,
_c1985.
300 _ax, 514 p. ;
_c20 cm.
526 _a0
_b0
_c0
_d355_020000000000000_OXF
650 0 _aMCE
_9379
650 0 _aMilitary art and science
_xHistory
_xAnecdotes, facetiae, satire, etc.
_948737
700 1 _aHastings, Max.
_948738
942 _2ddc
_cBK
999 _c551588
_d551588